Catalog

Record Details

Catalog Search



Počasí : zemská atmosféra, srážky, meteorologie, klimatická pásma, životní prostředí  Cover Image Book Book

Počasí : zemská atmosféra, srážky, meteorologie, klimatická pásma, životní prostředí / [ilustrátoři Jean-Yves Ahern ... et al.]

Ahern, Jean-Yves (Illustrator).

Record details

  • ISBN: 80-7321-062-2
  • Physical Description: 128 s. : barev. il. ; 29 cm
  • Edition: 1. vyd.
  • Publisher: Praha : Fortuna Print, 2003

Content descriptions

General Note:
Z angličtiny přeložil Luděk Skok
Terminologický slovník
Bibliography, etc. Note:
Obsahuje rejstřík
Subject: počasí
meteorologie
meteorology
weather
Genre: populárně-naučné publikace
popular works

Available copies

  • 1 of 1 copy available at Common Catalog SPOK.

Holds

  • 0 current holds with 1 total copy.
Show Only Available Copies
Location Call Number / Copy Notes Barcode Shelving Location Status Due Date
Varianty GRV Po 4605400412 Šafaříkova 17 - 5. patro, GRV Available -

Electronic resources

Version of Resource: Digitalizovaný dokument


LDR 01546nam a2200445 a 4500
00131084
003CZ-PrJAB
00520190218140138.0
007tu
008030821s2003 xr a e 001 0 cze
015 . ‡acnb001243573
020 . ‡a80-7321-062-2 ‡q(váz.)
035 . ‡a(CZ PrNK)cpk20031243573
035 . ‡a(OCoLC)53262870
040 . ‡aABA001 ‡bcze
0411 . ‡acze ‡heng
072 7. ‡a551 ‡xGeologie. Meteorologie. Klimatologie ‡2Konspekt ‡97
080 . ‡a551.515 ‡2MRF
080 . ‡a551.5 ‡2MRF
080 . ‡a(0.062) ‡2MRF
24500. ‡aPočasí : ‡bzemská atmosféra, srážky, meteorologie, klimatická pásma, životní prostředí / ‡c[ilustrátoři Jean-Yves Ahern ... et al.]
250 . ‡a1. vyd.
260 . ‡aPraha : ‡bFortuna Print, ‡c2003
300 . ‡a128 s. : ‡bbarev. il. ; ‡c29 cm
4901 . ‡aCesty za poznáním
500 . ‡aZ angličtiny přeložil Luděk Skok
500 . ‡aTerminologický slovník
504 . ‡aObsahuje rejstřík
65007. ‡apočasí ‡7ph124495 ‡2czenas
65007. ‡ameteorologie ‡7ph115269 ‡2czenas
65009. ‡ameteorology ‡2eczenas
65009. ‡aweather ‡2eczenas
655 7. ‡apopulárně-naučné publikace ‡7fd131864 ‡2czenas
655 9. ‡apopular works ‡2eczenas
7001 . ‡aAhern, Jean-Yves ‡4ill
7650 . ‡tUnderstanding climate and the environment ‡9Česky
830 0. ‡aCesty za poznáním
85641. ‡uhttp://kramerius4.nkp.cz/search/handle/uuid:eecfb410-ac53-11e4-a7a2-005056827e51 ‡yDigitalizovaný dokument
910 . ‡aABH006
901 . ‡a31084 ‡b ‡c31084 ‡tbiblio

Additional Resources